000 00443nam a2200181Ia 4500
001 22573
005 20260414150840.0
008 260414t2009||||xx |||||||||||||| ||spa||
041 _aESP
082 _a621.382
_bR53
100 _aRice, Michael
_eAUT
245 0 _aDigital comunications :
_ba discrete-time approach
260 _c2009
300 _a778 páginas :
_c24 cm.
650 _aTCA
654 _aCET
942 _cLIB
_dJUS
_fJUS
_2ddc
_n
999 _c22573
_d22573